Online Scanning and Break-Through Attempts Conducted by Foreign Attackers to Internal Online Systems and the Costs Associated with Them

Niekoľko typov útokov, ktoré v dnešnej dobe ovplyvňujú bezpečnosť dát. Najzraniteľnejšie služby, ktoré sú vystavené na internete. Prehľad grafov o rastúcich nákladoch vynaložených na bezpečnostné opatrenia a odhadované budúce náklady.

Guardado en:
Detalles Bibliográficos
Autor principal: Sojka, Pavol, 1978-
Formato: Capítulo de libro
Lenguaje:inglés
Materias:
Etiquetas: Agregar Etiqueta
Sin Etiquetas, Sea el primero en etiquetar este registro!

MARC

LEADER 00000naa$a2200000$$$4500
001 0272481
005 20240502074307.4
041 0 |a eng 
044 |a SK 
245 1 0 |a Online Scanning and Break-Through Attempts Conducted by Foreign Attackers to Internal Online Systems and the Costs Associated with Them  |c Pavol Sojka 
520 |a Niekoľko typov útokov, ktoré v dnešnej dobe ovplyvňujú bezpečnosť dát. Najzraniteľnejšie služby, ktoré sú vystavené na internete. Prehľad grafov o rastúcich nákladoch vynaložených na bezpečnostné opatrenia a odhadované budúce náklady. 
610 2 0 |a bezpečnosť kybernetická 
610 2 0 |a útoky kybernetické 
610 2 0 |a servery 
610 2 0 |a internet 
100 1 |a Sojka, Pavol, 1978-